Manuale delle indulgenze: norme e concessioni
Wedi'i Gadw mewn:
| Fformat: | Llyfr |
|---|---|
| Iaith: | Eidaleg |
| Cyhoeddwyd: |
Roma
Libreria Editrice Vaticana
1987
|
| Rhifyn: | 3a. ed |
| Pynciau: | |
| Tagiau: |
Ychwanegu Tag
Dim Tagiau, Byddwch y cyntaf i dagio'r cofnod hwn!
|
MARC
| LEADER | 00000nam a2200000 a 4500 | ||
|---|---|---|---|
| 001 | UCV3579 | ||
| 003 | CL-VaPUC | ||
| 008 | 930921e19870000IT |||||||||||||||||ita|d | ||
| 082 | 0 | 4 | |a 265.66 |b MAN |2 21 |
| 245 | 1 | 0 | |a Manuale delle indulgenze: norme e concessioni |
| 250 | |a 3a. ed | ||
| 300 | |a 152 p | ||
| 942 | |c BK | ||
| 945 | |d 19930921 00:00:00 | ||
| 260 | |a Roma |b Libreria Editrice Vaticana |c 1987 | ||
| 650 | 7 | |a INDULGENCIAS |2 CL-VaPUC |9 259278 | |
| 650 | 7 | |a DERECHO CANONICO |2 CL-VaPUC |9 297825 | |
| 583 | |a last modification |c 20120409 09:28:46 |k Rodrigo Vera | ||
| 999 | |c 210742 |d 210740 | ||
| 952 | |0 0 |1 0 |4 0 |6 265_660000000000000_MAN_1987 |7 0 |8 DER_HDC |9 187216 |a BIBDER |b BIBDER |d 2019-11-14 |i 2549050 |o 265.66 MAN 1987 |p 2549050 |r 2023-01-25 |w 2019-11-14 |x Ubicación 4to Piso |y BK |z Estos recursos deben solicitarse con anticipación |k DER | ||